书目信息 |
| 题名: |
素书全鉴
|
|
| 作者: | 黄石公, 著 ;东篱子 解译 | |
| 分册: | ||
| 出版信息: | 北京 中国纺织出版社 2016.08 |
|
| 页数: | 307页 | |
| 开本: | 25cm | |
| 丛书名: | ||
| 单 册: | ||
| 中图分类: | E892.33 | |
| 科图分类: | ||
| 主题词: | 兵法--bing fa--中国--秦代 | |
| 电子资源: | ||
| ISBN: | 978-7-5180-2653-1 | |
| 000 | 01037nam0 2200277 450 | |
| 001 | CAL 0120161996398 | |
| 005 | 20181203153604.03 | |
| 010 | @a978-7-5180-2653-1@dCNY 68.00 | |
| 010 | @a978-7-5180-2651-7@b精装@dCNY68.00 | |
| 100 | @a20160905d2016 em y0chiy50 ea | |
| 101 | 0 | @achi |
| 102 | @aCN@b110000 | |
| 105 | @aa z 000yy | |
| 200 | 1 | @a素书全鉴@Asu shu quan jian@f(汉) 黄石公著@g东篱子解译 |
| 210 | @a北京@c中国纺织出版社@d2016.08 | |
| 215 | @a307页@c图@d25cm | |
| 300 | @a珍藏版 | |
| 330 | @a《素书》为黄石公所著。全书分原始、正道、求人之志、本德宗道、遵义、安礼六章。全文虽短短的一千多字, 但字字珠玑, 句句名言。其内容不仅包含治国安邦的大谋略, 更有修身处世、为人之道的智慧, 在把握人性的基础上, 对人生谋略给出了高屋建瓴的指点。 | |
| 605 | @a素书@Asu shu@x译文 | |
| 606 | 0 | @a兵法@Abing fa@y中国@z秦代 |
| 690 | @aE892.33@v5 | |
| 701 | 0 | @a黄石公,@Ahuang shi gong@f汉代@4著 |
| 702 | 0 | @a东篱子@Adong li zi@4解译 |
| 801 | 0 | @aCN@b人天书店@c20160905 |
| 905 | @aBZT@dE892.33@e1 | |
| 906 | @dCNY544.00 (8册)@n3@r1 | |
| 素书全鉴/(汉) 黄石公著/东篱子解译.-北京:中国纺织出版社,2016.08 |
| 307页:图;25cm |
| 珍藏版 |
| ISBN 978-7-5180-2653-1:CNY 68.00 |
| 《素书》为黄石公所著。全书分原始、正道、求人之志、本德宗道、遵义、安礼六章。全文虽短短的一千多字, 但字字珠玑, 句句名言。其内容不仅包含治国安邦的大谋略, 更有修身处世、为人之道的智慧, 在把握人性的基础上, 对人生谋略给出了高屋建瓴的指点。 |
| ● |
| 相关链接 |
|
|
|
正题名:素书全鉴
索取号:E892.33/1
 
预约/预借
| 序号 | 登录号 | 条形码 | 馆藏地/架位号 | 状态 | 备注 |
| 1 | 853046 | 2000853046 | 第二书库/ [索取号:E892.33/1] | 在馆 | |
| 2 | 853047 | 2000853047 | 第二书库/ [索取号:E892.33/1] | 在馆 | |
| 3 | 853048 | 2000853048 | 思政阅览室/思1架A面1层9列/ [索取号:E892.33/1] | 在馆 |